Все песни aespa - Statistics

General Stats
  • This quiz has been taken 27 times
  • The average score is 13 of 45
Answer Stats
Answer % Correct
Black Mamba
80%
Spicy
75%
Drama
70%
Girls
70%
Savage
65%
Next Level
60%
Armageddon
55%
Dreams Come True
55%
Supernova
55%
aenergy
50%
Illusion
50%
Salty & Sweet
40%
Thirsty
35%
Welcome To MY World
35%
Better Things
30%
Forever
30%
I'm Unhappy
25%
licorice
25%
You
25%
BAHAMA
20%
Don't Blink
20%
Hot Air Balloon
20%
ICONIC
20%
I'll Make You Cry
20%
Long Chat
20%
Lucid Dream
20%
YEPPI YEPPI
20%
Beautiful Christmas
15%
Hold On Tight
15%
Life's Too Short
15%
Live My Life
15%
Melody
15%
Mine
15%
Prologue
15%
Set The Tone
15%
'Til We Meet Again
15%
Trick or Trick
15%
YOLO
15%
Die Trying
10%
ICU
10%
Jingle Bell Rock
10%
Lingo
10%
Regret of the Times
10%
ZOOM ZOOM
10%
We Go
5%
No matching quizzes found
Score Distribution
Percent of People with Each Score
Percentile by Number Answered
Your Score History
You have not taken this quiz